Feynman-Kac formulae : genealogical and interacting particle systems with applications

Αποθηκεύτηκε σε:
Λεπτομέρειες βιβλιογραφικής εγγραφής
Κύριος συγγραφέας: Del Moral, Pierre
Μορφή: Βιβλίο
Γλώσσα:English
Δημοσίευση: New York : Springer, c2004
Σειρά:Probability and its applications
Θέματα:
Ετικέτες: Προσθήκη ετικέτας
Δεν υπάρχουν, Καταχωρήστε ετικέτα πρώτοι!

MARC

LEADER 00000nam a2200000 i 4500
001 1/53707
008 070903s2004 eng d
020 |a 0-387-20268-4 
035 |l 10090360 
040 |a GR-MY-UA  |b gre  |e aacr 
041 0 |a eng 
082 0 |a 530.12  |2 (22) 
100 1 |a Del Moral, Pierre. 
245 1 0 |a Feynman-Kac formulae :  |b genealogical and interacting particle systems with applications /  |c Pierre Del Moral 
260 |a New York :   |b Springer,   |c c2004 
300 |a xviii, 555 σ.;  |b εικ.;  |c 24 εκ. 
490 1 |a Probability and its applications 
504 |a Περιλαμβάνει βιβλιογραφικές παραπομπές (σ. [522]-548) και ευρετήριο 
650 0 0 |a Path integrals. 
650 0 0 |a Evolution equations. 
650 0 0 |a Quantum theory. 
650 0 0 |a Vector spaces. 
830 0 |a Probability and its applications 
852 |a INST  |b SAMOS  |e 20070903  |h 530.12 DEL  |p 005300028356  |q 005300028356  |t BK  |y 0 
901 |a BIBL3-2007-2 
909 |a Σ  |b 138240 
922 |a 3ΕΛΗ  |b 200707  |c ΕΠΕΑΕΚ2/ΤΣΑΕ  |d ΠΑΠΑΣΩΤΗΡΙΟΥ 
970 |a ΡΟΥΣΣΟΥ  |b ΚΩΝΣΤΑΝΤΙΝΑ  |z 2007/09/03